| 000 | 01774nam a22005777a 4500 | ||
|---|---|---|---|
| 005 | 20211209153935.0 | ||
| 008 | 160202b xxu||||| |||| 00| | spa d | ||
| 020 | _a9789587711820 | ||
| 041 | _aeng | ||
| 082 | _a657 F465c5 | ||
| 100 |
_aFierro Martínez, Ángel María _92674 |
||
| 100 |
_aFierro Celis, Francy Milena _92675 |
||
| 245 | _aContabilidad general con enfoque NIIF para pymes | ||
| 250 | _a5 edición | ||
| 260 |
_aColombia _bEcoe ediciones _c2015 |
||
| 300 | _a470 páginas | ||
| 650 |
_aCONTABILIDAD _92655 |
||
| 650 |
_aHISTORIA _943 |
||
| 650 |
_aDEFINICIÓN _92676 |
||
| 650 |
_aCLASES DE CONTABILIDAD _92677 |
||
| 650 |
_aPEQUEÑA EMPRESA _92678 |
||
| 650 |
_aNIIF _9994 |
||
| 650 |
_aNIIF PYMES _92679 |
||
| 650 |
_aPRINCIPIOS _92680 |
||
| 650 |
_aCARACTERÍSTICAS CUALITATIVAS _92681 |
||
| 650 |
_aHIPÓTESIS _9674 |
||
| 650 |
_aMODELOS _92682 |
||
| 650 |
_aMÉTODOS DE MEDICIÓN _92683 |
||
| 650 |
_aESTADOS FINANCIEROS _965 |
||
| 650 |
_aPRECIOS CORRIENTES _92684 |
||
| 650 |
_aPRECIOS CONSTANTES _92685 |
||
| 650 |
_aMANTENIMIENTO DE CAPITAL _92686 |
||
| 650 |
_aMODELOS CONTABLES _92687 |
||
| 650 |
_aCOMERCIO _93 |
||
| 650 |
_aSOCIEDADES COMERCIALES _92688 |
||
| 650 |
_aCICLO CONTABLE _92689 |
||
| 650 |
_aPLAN DE CUENTAS _92690 |
||
| 650 |
_aLIBROS CONTABLES _979 |
||
| 650 |
_aASIENTOS CONTABLES _92691 |
||
| 650 |
_aCIERRE CONTABLE _92692 |
||
| 650 |
_aINFORMES _92008 |
||
| 650 |
_aACTIVOS CORRIENTES _92693 |
||
| 650 |
_aACTIVOS INTANGIBLES _92694 |
||
| 650 |
_aCONTABILIDAD DE PATRIMONIO _92695 |
||
| 650 |
_aPASIVOS _92668 |
||
| 650 |
_aAPERTURA DE NEGOCIOS _92696 |
||
| 650 |
_aAPERTURA CONTABLE _92697 |
||
| 650 |
_aOPERACIONES DE COMPRA _962087 |
||
| 650 |
_aOPERACIONES DE VENTAS _92699 |
||
| 942 | _cBK | ||
| 999 |
_c7592 _d7592 |
||